[Event "Onyx Wiosna 2008"]
[Site "SchemingMind.com"]
[Date "2008.03.28"]
[Round "-"]
[White "stefan"]
[Black "smothered mate"]
[Result "0-1"]
[WhiteCountry "POL"]
[BlackCountry "POL"]
[WhiteElo "1409"]
[WhiteRD "189"]
[BlackElo "1938"]
[BlackRD "52"]
[GameID "147993"]

1. e4 e5 2. Bc4 Nf6 3. Qf3 Nc6 4. c3 Bc5 5. b4 Bb6 6. g4 d5 7. exd5 Bxg4 8. Qd3 e4 9. Qg3 Ne7 10. d3 O-O
11. dxe4 Re8 12. Be2 Bxe2 13. Nxe2 Nxe4 14. Qg2 Nxf2 15. Rf1 Nd3+ 16. Kd2 Nxd5 17. Kc2 Nxc1 18. Qf3 Ne3+ 19. Kxc1 Nxf1 20. Qxf1 Qd3
21. Ng3 Be3+ 22. Kb2 Rad8 23. Na3 Qd2+ 24. Nc2 Rd3 25. Ne2 Bd4 26. Nxd4 Qxc3+ 27. Kc1 Rxd4 28. Qf2 Rc4 29. Kd1 Re1+ 30. Nxe1 Qxa1+
31. Ke2 Qxa2+ 32. Kf1 Qxf2+ 33. Kxf2 Rxb4 34. Nf3 Rf4 35. Kg3 Rxf3+ 36. Kxf3 a5
0-1

[Event "Onyx Wiosna 2008"]
[Site "SchemingMind.com"]
[Date "2008.03.28"]
[Round "-"]
[White "smothered mate"]
[Black "stefan"]
[Result "1-0"]
[WhiteCountry "POL"]
[BlackCountry "POL"]
[WhiteElo "1938"]
[WhiteRD "52"]
[BlackElo "1409"]
[BlackRD "189"]
[GameID "147994"]

1. e4 e5 2. Nf3 Bc5 3. Nxe5 Qh4 4. Qf3 f6 5. g3 Qg5 6. Nd3 Nc6 7. c3 Nh6 8. Nxc5 Qxc5 9. d4 Qf8 10. Bxh6 gxh6
11. Qh5+ Qf7 12. Qxh6 d6 13. Be2 Qf8 14. Bh5+ Ke7 15. Qxf8+ Kxf8 16. Nd2 Be6 17. d5 Bf7 18. Bxf7 Kxf7 19. dxc6 bxc6 20. f3 d5
21. Kf2 Rad8 22. Rhe1 Rhe8 23. Rad1 Re6 24. Nb3 Red6 25. e5 fxe5 26. Nc5 Re8 27. Re2 Ke7 28. Rxe5+ Kf7 29. Rxe8 Kxe8 30. Re1+ Kf7
31. g4 Rh6 32. Kg3 Rg6 33. Nd3 h5 34. Ne5+ Kf6 35. Nxg6 Kxg6 36. Re7
1-0

[Event "Onyx Wiosna 2008"]
[Site "SchemingMind.com"]
[Date "2008.03.28"]
[Round "-"]
[White "kubek222"]
[Black "smothered mate"]
[Result "0-1"]
[WhiteCountry "POL"]
[BlackCountry "POL"]
[WhiteElo "1781"]
[WhiteRD "119"]
[BlackElo "1938"]
[BlackRD "52"]
[GameID "148004"]

1. d3 e5 2. e4 Nf6 3. c3 Bc5 4. Nf3 d6 5. d4 exd4 6. cxd4 Bb4+ 7. Nbd2 Nxe4 8. a3 Bxd2+ 9. Nxd2 Nxd2 10. Bxd2 Qe7+
11. Be3 O-O 12. Bc4 Be6 13. d5 Bd7 14. b4 Qe4 15. Rc1 Qxg2 16. Rf1 b5 17. Bb3 Bh3 18. Bf4 Qxf1+ 19. Kd2 Qxf2+ 20. Qe2 Qxf4+
21. Qe3 Qxe3+ 22. Kxe3 Nd7 23. Rxc7 Ne5 24. Bc2 Rfc8 25. Rxc8+ Rxc8 26. Kd2 Nc4+ 27. Ke1 Nxa3 28. Bd1 f5 29. Be2 f4 30. Bd1 Nc2+
31. Kd2 Nxb4 32. Bb3 a5 33. Ke2 a4 34. Bd1 a3 35. Ke1 a2 36. Bh5 Rc2 37. Bf3 a1=Q+ 38. Bd1 Nd3#
0-1

[Event "Onyx Wiosna 2008"]
[Site "SchemingMind.com"]
[Date "2008.03.28"]
[Round "-"]
[White "kubek222"]
[Black "stefan"]
[Result "0-1"]
[WhiteCountry "POL"]
[BlackCountry "POL"]
[WhiteElo "1781"]
[WhiteRD "119"]
[BlackElo "1409"]
[BlackRD "189"]
[GameID "148005"]

1. d3 e5 2. e3 Nh6 3. g3 Qf6 4. Nc3 c6 5. Ne4 Qf5 6. c3 Ng4 7. f3 Nf6 8. g4 Qg6 9. g5 Nxe4 10. fxe4 Qxg5
11. Nf3 Qf6 12. a4 g5 13. h3 h5 14. d4 g4 15. Nxe5 d6 16. Nd3 g3 17. Nf4 Qg5 18. b4 Qh4 19. Ng2 Qf6 20. h4 Qf2#
0-1

[Event "Onyx Wiosna 2008"]
[Site "SchemingMind.com"]
[Date "2008.03.28"]
[Round "-"]
[White "smothered mate"]
[Black "kubek222"]
[Result "1-0"]
[WhiteCountry "POL"]
[BlackCountry "POL"]
[WhiteElo "1913"]
[WhiteRD "52"]
[BlackElo "1731"]
[BlackRD "106"]
[GameID "148006"]

1. e4 e5 2. Nf3 d6 3. Nc3 c5 4. Bc4 a5 5. O-O f5 6. d3 Nf6 7. Ng5 h6 8. Nf7 Qe7 9. Nxh8 f4 10. Nd5 Qd8
11. Nxf6+ Qxf6 12. Qh5+ Kd8 13. Qf7 Be7 14. c3 Nc6 15. Bd5 Bd7 16. Qg8+ Bf8 17. Bd2 f3 18. Qf7 fxg2 19. Qxf6+ gxf6 20. Kxg2 Bg7
21. Nf7+ Ke7 22. Bxh6 Rg8 23. Nxd6 Be6 24. Nf5+ Bxf5 25. Bxg8 Bxh6 26. exf5 Kf8 27. Be6 b5 28. Kf3 b4 29. Ke4 Bd2 30. Kd5 Nd8
31. Rg1 bxc3 32. Kd6 Nf7+ 33. Bxf7 Kxf7 34. bxc3 Bxc3 35. Rab1 Bb4 36. a3 Bxa3 37. Rb7+ Kf8 38. Ke6 c4 39. Rb8#
1-0

[Event "Onyx Wiosna 2008"]
[Site "SchemingMind.com"]
[Date "2008.03.28"]
[Round "-"]
[White "stefan"]
[Black "kubek222"]
[Result "0-1"]
[WhiteCountry "POL"]
[BlackCountry "POL"]
[WhiteElo "1409"]
[WhiteRD "189"]
[BlackElo "1781"]
[BlackRD "119"]
[GameID "148007"]

1. e4 e5 2. Bc4 Nf6 3. Qf3 h5 4. d3 Bb4+ 5. c3 Ba5 6. a4 c5 7. Nh3 d6 8. Ng5 Bg4 9. Qe3 Qe7 10. Na3 Nc6
11. f3 Be6 12. f4 exf4 13. Qxf4 Ne5 14. h3 Bxc4 15. Qf3 Nxf3+ 16. gxf3 Bxd3 17. Kd2 c4 18. b3 d5 19. bxc4 dxc4 20. Nb5 Qe5
21. h4 a6 22. Nd4 Qxd4 23. Bb2 Qf2+
0-1

[Event "Onyx Wiosna 2008"]
[Site "SchemingMind.com"]
[Date "2008.03.28"]
[Round "-"]
[White "luk"]
[Black "smothered mate"]
[Result "0-1"]
[WhiteCountry "POL"]
[BlackCountry "POL"]
[WhiteElo "1331"]
[WhiteRD "222"]
[BlackElo "1913"]
[BlackRD "52"]
[GameID "148010"]

1. e4 e5 2. Nf3 Nc6 3. Bd3 Bc5 4. O-O Nf6 5. h3 d6 6. Ng5 h6 7. Nf3 Be6 8. Nh2 Qd7 9. Nc3 a6 10. b3 g5
11. g4 h5 12. Kh1 hxg4 13. f3 g3 14. Ng4 Nh5 15. Rg1 Nd4 16. Be2 f5 17. Bb2 Nxe2 18. Nxe2 fxg4 19. Nxg3 Nf4 20. Qe2 Nxe2
21. Nxe2 gxf3 22. Rg3 Bxh3 23. d4 f2 24. Rg2 Qg4 25. Ng3 Qf3 26. Kh2 Qxg2#
0-1

[Event "Onyx Wiosna 2008"]
[Site "SchemingMind.com"]
[Date "2008.03.28"]
[Round "-"]
[White "luk"]
[Black "stefan"]
[Result "0-1"]
[WhiteCountry "POL"]
[BlackCountry "POL"]
[WhiteElo "1180"]
[WhiteRD "134"]
[BlackElo "1525"]
[BlackRD "154"]
[GameID "148011"]

1. e4 e5 2. Nf3 Qf6 3. d4 exd4 4. Nxd4 Bc5 5. Be3 Nc6 6. Nf5 Bxe3 7. Nxe3 Qh4 8. Nd2 Nh6 9. g3 Qf6 10. Ndc4 b5
11. Nd2 O-O 12. Nf3 Qxb2 13. Nd5 a5 14. Nxc7 Ra7 15. Nxb5 Rb7 16. Nd6 Rb8 17. Nc4 Qf6 18. e5 Qe7 19. a4 Ng4 20. Qe2 f6
0-1

[Event "Onyx Wiosna 2008"]
[Site "SchemingMind.com"]
[Date "2008.03.28"]
[Round "-"]
[White "luk"]
[Black "kubek222"]
[Result "0-1"]
[WhiteCountry "POL"]
[BlackCountry "POL"]
[WhiteElo "1180"]
[WhiteRD "134"]
[BlackElo "1716"]
[BlackRD "107"]
[GameID "148012"]

1. e4 e5 2. Nf3 Nc6 3. Bb5 Nf6 4. d4 Nxe4 5. Nxe5 Qf6 6. O-O a6 7. Bd3 Ng5 8. Be3 d6 9. Nc4 b5 10. Ncd2 d5
11. Nf3 h6 12. Nc3 Be6 13. Ne2 Nxf3+ 14. gxf3 Qxf3 15. Ng3 Qf6 16. b3 Bd6 17. f4 Nxd4 18. Bxd4 Qxd4+ 19. Kh1 Bxf4 20. Ne2 Qe3
21. Nxf4 g5 22. Nxe6 fxe6
0-1

[Event "Onyx Wiosna 2008"]
[Site "SchemingMind.com"]
[Date "2008.03.28"]
[Round "-"]
[White "smothered mate"]
[Black "luk"]
[Result "1-0"]
[WhiteCountry "POL"]
[BlackCountry "POL"]
[WhiteElo "1913"]
[WhiteRD "52"]
[BlackElo "1331"]
[BlackRD "222"]
[GameID "148013"]

1. e4 e5 2. Nf3 d6 3. Nc3 f5 4. Bc4 Ne7 5. Ng5 Qd7 6. Bf7+ Kd8 7. Ne6+ Qxe6 8. Bxe6 Bxe6 9. d3 f4 10. d4 Kc8
11. dxe5 dxe5 12. Nd5 c6 13. Nxe7+ Bxe7 14. c3 Nd7 15. g3 fxg3 16. hxg3 g5 17. Qh5 Bf7 18. Qxf7 Kd8 19. Rxh7 Rxh7 20. Qxh7 Nf6
21. Qh8+ Ne8 22. Be3 a6 23. Bb6+ Kd7 24. O-O-O+ Ke6 25. Qg8+ Kf6 26. Rh1 Bd6 27. Rh7 g4 28. Qf7+ Kg5 29. Be3#
1-0

[Event "Onyx Wiosna 2008"]
[Site "SchemingMind.com"]
[Date "2008.03.28"]
[Round "-"]
[White "stefan"]
[Black "luk"]
[Result "1-0"]
[WhiteCountry "POL"]
[BlackCountry "POL"]
[WhiteElo "1525"]
[WhiteRD "154"]
[BlackElo "1180"]
[BlackRD "134"]
[GameID "148014"]

1. e4 e5 2. Bc4 Nf6 3. Qf3 d6 4. h3 Be6 5. b3 Nbd7 6. Nc3 a6 7. d3 c6 8. g4 g6 9. g5 Nh5 10. h4 b5
11. Bxe6 fxe6 12. a4 b4 13. Nce2 c5 14. Bb2 a5 15. O-O-O Nb6 16. c3 bxc3 17. Bxc3 Qc7 18. Qg4 Qd7 19. Ng3 Nf4 20. N1e2 Nxe2+
21. Nxe2 Bg7 22. h5
1-0

[Event "Onyx Wiosna 2008"]
[Site "SchemingMind.com"]
[Date "2008.03.28"]
[Round "-"]
[White "kubek222"]
[Black "luk"]
[Result "1-0"]
[WhiteCountry "POL"]
[BlackCountry "POL"]
[WhiteElo "1752"]
[WhiteRD "109"]
[BlackElo "1308"]
[BlackRD "213"]
[GameID "148015"]

1. e4 e5 2. c3 Nf6 3. d3 d5 4. Nf3 dxe4 5. Nxe5 Bg4 6. Nxg4 Nxg4 7. Qxg4 exd3 8. Bxd3 Nc6 9. Bc4 Qe7+ 10. Be3 Ne5
11. Qe4 O-O-O 12. Bxa7 Qd6 13. O-O g6 14. Na3 f5 15. Qf4 Ng4 16. g3 Bh6 17. Nb5 Qc6 18. Be6+ Rd7 19. Bxd7+ Kxd7 20. Qd4+ Ke6
21. Qxh8 Qxb5 22. Rfe1+ Kd6 23. Rad1+ Qd5 24. Qd8+ Kc6 25. Qxd5#
1-0

[Event "Onyx Wiosna 2008"]
[Site "SchemingMind.com"]
[Date "2008.03.28"]
[Round "-"]
[White "borek"]
[Black "smothered mate"]
[Result "0-1"]
[WhiteCountry "POL"]
[BlackCountry "POL"]
[WhiteElo "1176"]
[WhiteRD "154"]
[BlackElo "1938"]
[BlackRD "52"]
[GameID "148017"]

1. d4 d5 2. c3 c5 3. e3 Nc6 4. Nf3 Bg4 5. Qb3 Qd7 6. Ne5 Nxe5 7. Bb5 Nc6 8. h3 Bf5 9. Nd2 e6 10. Nf3 f6
11. Bd2 Bd6 12. c4 a6 13. Ba4 dxc4 14. Qxc4 b5 15. Bxb5 axb5 16. Qxb5 Rb8 17. Qa6 Nge7 18. Qa3 cxd4 19. Qa4 dxe3 20. Bxe3 Bb4+
21. Bd2 Bxd2+ 22. Nxd2 O-O 23. O-O Qxd2 24. b3 Rb4 25. Qa6 Ne5 26. a4 Bxh3 27. gxh3 Qg5+ 28. Kh1 Rh4 29. Rg1 Rxh3#
0-1

[Event "Onyx Wiosna 2008"]
[Site "SchemingMind.com"]
[Date "2008.03.28"]
[Round "-"]
[White "borek"]
[Black "luk"]
[Result "1-0"]
[WhiteCountry "POL"]
[BlackCountry "POL"]
[WhiteElo "1339"]
[WhiteRD "121"]
[BlackElo "1180"]
[BlackRD "134"]
[GameID "148018"]

1. d4 d5 2. c3 e6 3. Qd3 Nc6 4. Qe3 Bd6 5. g3 Nf6 6. Qg5 O-O 7. Nf3 Qe8 8. e3 Ne4 9. Qh4 Be7 10. Qh3 Bg5
11. Bd3 e5 12. Qf1 exd4 13. cxd4 Nb4 14. Nc3 c6 15. Ne5 f6 16. Nf3 Bg4 17. Qg2 Nxd3+ 18. Ke2 Nexf2 19. Rf1 Nxc1+ 20. Rfxc1 Bxe3
21. Rg1 Bxd4+ 22. Kf1 Qe3 23. Nd1 Qd3+ 24. Ke1 Bxf3 25. Qxf2
1-0

[Event "Onyx Wiosna 2008"]
[Site "SchemingMind.com"]
[Date "2008.03.28"]
[Round "-"]
[White "borek"]
[Black "stefan"]
[Result "0-1"]
[WhiteCountry "POL"]
[BlackCountry "POL"]
[WhiteElo "1320"]
[WhiteRD "121"]
[BlackElo "1555"]
[BlackRD "148"]
[GameID "148019"]

1. d4 e6 2. e3 Nh6 3. Nh3 Qf6 4. Nc3 c6 5. b3 g5 6. Ne4 Qf5 7. Bd3 Qa5+ 8. Bd2 Bb4 9. c3 Be7 10. b4 Qd8
11. Qh5 d5 12. Nexg5 Bf8 13. Bxh7 Qe7 14. Bd3 Nd7 15. e4 Nf6 16. Qe2 b6 17. a3 b5 18. e5 Nd7 19. Qh5 Bg7 20. O-O a5
21. a4 Ba6 22. axb5 Bxb5 23. Bxb5 cxb5 24. bxa5 Nf5 25. Qe2 f6 26. exf6 Bxf6 27. Qxb5 Qd6 28. Rfe1 e5 29. f4 Be7 30. fxe5 Qb8
31. Qxd5 Nh6 32. Qc6 Nf5 33. e6 Ra7 34. exd7+ Rxd7 35. Qg6+ Kd8 36. Nf7+ Kc7 37. Qxf5 Re8
0-1

[Event "Onyx Wiosna 2008"]
[Site "SchemingMind.com"]
[Date "2008.03.28"]
[Round "-"]
[White "borek"]
[Black "kubek222"]
[Result "0-1"]
[WhiteCountry "POL"]
[BlackCountry "POL"]
[WhiteElo "1176"]
[WhiteRD "154"]
[BlackElo "1781"]
[BlackRD "119"]
[GameID "148020"]

1. d4 e6 2. e3 b6 3. g3 g6 4. b3 Nc6 5. Bg2 d5 6. e4 Bg7 7. exd5 Nxd4 8. d6 c6 9. c3 Nf5 10. Bxc6+ Bd7
11. Bxa8 Qxa8 12. Nf3 Qe4+ 13. Qe2 Bc6 14. Nbd2 Qd5 15. O-O Qxd6 16. Qa6 Bxc3 17. Nc4 Qd7 18. Bf4 Bxf3 19. Rac1 Bd4 20. Na3 Nf6
21. Rc7 Qd5 22. Qxa7 O-O 23. Rfc1 Bb2 24. Re1 h6 25. Nc4 g5 26. Nxb6 Qd3 27. h3 gxf4 28. Na4 Bd4 29. Nc5 Qd2 30. Rf1 fxg3
31. h4 gxf2+ 32. Kh2 Qf4+ 33. Kh3 Qxh4#
0-1

[Event "Onyx Wiosna 2008"]
[Site "SchemingMind.com"]
[Date "2008.03.28"]
[Round "-"]
[White "smothered mate"]
[Black "borek"]
[Result "1-0"]
[WhiteCountry "POL"]
[BlackCountry "POL"]
[WhiteElo "1938"]
[WhiteRD "52"]
[BlackElo "1176"]
[BlackRD "154"]
[GameID "148021"]

1. e4 e5 2. Nf3 Nc6 3. Nc3 Nf6 4. Nxe5 Nxe5 5. d4 Nc6 6. d5 Ne5 7. f4 Neg4 8. e5 Nh5 9. Qxg4 g6 10. Bc4 d6
11. e6 c6 12. f5 Nf6 13. exf7+ Kxf7 14. fxg6+ hxg6 15. Qf3 Qe7+ 16. Be3 cxd5 17. Nxd5 Qe5 18. Nxf6+ Ke7 19. Nd5+ Kd8 20. O-O-O Rh4
21. Qxf8+ Qe8 22. Bg5+ Kd7 23. Bb5+ Ke6 24. Rhe1+ Re4 25. Rxe4#
1-0

[Event "Onyx Wiosna 2008"]
[Site "SchemingMind.com"]
[Date "2008.03.28"]
[Round "-"]
[White "luk"]
[Black "borek"]
[Result "0-1"]
[WhiteCountry "POL"]
[BlackCountry "POL"]
[WhiteElo "1180"]
[WhiteRD "134"]
[BlackElo "1339"]
[BlackRD "121"]
[GameID "148022"]

1. d4 d5 2. Nc3 e6 3. Nf3 Nf6 4. Bg5 Qd6 5. Nb5 Qc6 6. e3 Ne4 7. Ne5 Qb6 8. Bh4 a6 9. Nc3 Qxb2 10. Na4 Qb4+
11. c3 Qa5 12. Qc2 Bd7 13. Nxd7 Nxd7 14. Be2 Nb6 15. f3 Nxa4 16. fxe4 Nxc3 17. O-O Nxe4 18. Be1 Qb6 19. Rb1 Qc6 20. Bd1 g6
21. Ba5 Bh6 22. Re1 O-O-O 23. h3 f5 24. a3 Rhf8
0-1

[Event "Onyx Wiosna 2008"]
[Site "SchemingMind.com"]
[Date "2008.03.28"]
[Round "-"]
[White "stefan"]
[Black "borek"]
[Result "1-0"]
[WhiteCountry "POL"]
[BlackCountry "POL"]
[WhiteElo "1525"]
[WhiteRD "154"]
[BlackElo "1339"]
[BlackRD "121"]
[GameID "148023"]

1. e4 e6 2. Nh3 d5 3. Qf3 Nh6 4. Nc3 Nc6 5. exd5 Ne5 6. Qh5 Bd6 7. dxe6 Bxe6 8. d4 Neg4 9. Ng5 Bd7 10. Bc4 Qe7+
11. Nce4 g6 12. Qh4 f5 13. h3 fxe4 14. hxg4 Nxg4 15. g3 h6 16. Nf7 Qf6 17. Qxf6 Nxf6 18. Nxh8 b5 19. Be2 e3 20. Bxe3 O-O-O
21. Nf7 Re8 22. c4 Be6 23. Nxh6 bxc4 24. Rc1 Rh8 25. Bf3 a6 26. b3 cxb3 27. a4 b2 28. Rb1 Ba3 29. d5 Bd7 30. Bd4
1-0

[Event "Onyx Wiosna 2008"]
[Site "SchemingMind.com"]
[Date "2008.03.28"]
[Round "-"]
[White "kubek222"]
[Black "borek"]
[Result "1-0"]
[WhiteCountry "POL"]
[BlackCountry "POL"]
[WhiteElo "1781"]
[WhiteRD "119"]
[BlackElo "1176"]
[BlackRD "154"]
[GameID "148024"]

1. e3 e5 2. b3 d6 3. g3 Nf6 4. a4 b6 5. c4 Bg4 6. f3 Bf5 7. g4 Bg6 8. g5 Nh5 9. e4 Qxg5 10. d4 Qg3+
11. Ke2 Be7 12. hxg3 Nxg3+ 13. Kf2 Nxh1+ 14. Kg2 h5 15. Kxh1 Nc6 16. d5 Nd4 17. f4 Bxe4+ 18. Bg2 Bc2 19. Qd2 Bxb3 20. Qc3 Rb8
21. Nd2 Bc2 22. Ra2 Bf5 23. Ndf3 Bf6 24. Be3 Bb1 25. Rb2 c5 26. Rxb1 Nf5 27. fxe5 dxe5 28. Nxe5 O-O 29. Nh3 Rbe8 30. Bf4 h4
31. Ng5 Bxe5 32. Bxe5 f6 33. Bf4 fxg5 34. Bxg5 Re3 35. Bxe3 Re8 36. Bg5 Re2 37. Bf3 Rf2 38. Bg4 Ng3+ 39. Kg1 Rf8 40. Bxh4 Ne4
41. Be6+ Kh7 42. Qe5 Nf6 43. Rf1 Re8 44. Rxf6 gxf6 45. Bxf6 Rxe6 46. Qh5+ Kg8 47. dxe6 b5 48. cxb5 c4 49. Qh8#
1-0

[Event "Onyx Wiosna 2008"]
[Site "SchemingMind.com"]
[Date "2008.04.06"]
[Round "-"]
[White "bodek77"]
[Black "smothered mate"]
[Result "1-0"]
[WhiteCountry "POL"]
[BlackCountry "POL"]
[WhiteElo "1934"]
[WhiteRD "71"]
[BlackElo "1926"]
[BlackRD "48"]
[GameID "148956"]

1. e4 c5 2. Nf3 d6 3. Nc3 a6 4. d4 cxd4 5. Nxd4 Nf6 6. Bc4 Nc6 7. Nxc6 bxc6 8. e5 Nd7 9. exd6 exd6 10. O-O Be7
11. Qf3 Ne5 12. Qe4 Qc7 13. Bf4 Nxc4 14. Qxc4 Be6 15. Qe4 O-O 16. Rad1 Rfd8 17. b3 Qa5 18. Na4 Qf5 19. Qxf5 Bxf5 20. c4 g5
21. Rfe1 Be6 22. Be3 d5 23. cxd5 cxd5 24. Nc5 a5 25. Nxe6 fxe6 26. Bb6 Re8 27. Rxe6 Ra6 28. Rxd5 Rxb6 29. Rxb6 Bc5 30. Rb8 Bxf2+
31. Kxf2 Rxb8 32. Rxg5+ Kf7 33. Rxa5 Rc8 34. Ra7+ Kg6 35. Re7 Rc3 36. Re2 Kf5 37. b4 Ra3 38. b5 Ra4 39. Rb2 Rf4+ 40. Kg1 Re4
41. b6 Re8 42. b7 Rb8 43. a4
1-0

[Event "Onyx Wiosna 2008"]
[Site "SchemingMind.com"]
[Date "2008.04.03"]
[Round "-"]
[White "bodek77"]
[Black "luk"]
[Result "1-0"]
[WhiteCountry "POL"]
[BlackCountry "POL"]
[WhiteElo "1888"]
[WhiteRD "75"]
[BlackElo "1180"]
[BlackRD "134"]
[GameID "148957"]

1. e4 e5 2. Nf3 Nc6 3. d4 f6 4. d5 Nb4 5. a3 Na6 6. Bc4 Ne7 7. Nc3 d6 8. O-O Bg4 9. h3 Bd7 10. Qe2 g5
11. Bxa6 bxa6 12. Qxa6 Bc8 13. Qa5 c6 14. Qxd8+ Kxd8 15. dxc6 Nxc6 16. Nd5 Bg7 17. b4 g4 18. hxg4 Bxg4 19. b5 Ne7 20. Nd2 Be2
21. Re1 Bxb5 22. Rb1 a6 23. c4 Ba4 24. Rb7 Nxd5 25. cxd5 Rg8 26. Nc4 Bd7 27. Nxd6 a5 28. Be3 Ke7 29. Bc5 Ra6 30. Nf5+ Kd8
31. Bb6+ Ke8 32. Rb8+ Kf7 33. Nd6+ Ke7 34. Rxg8 Kxd6 35. Rxg7 Rxb6 36. Rxh7 Rb3 37. Ra1 a4 38. Rf7
1-0

[Event "Onyx Wiosna 2008"]
[Site "SchemingMind.com"]
[Date "2008.04.03"]
[Round "-"]
[White "bodek77"]
[Black "stefan"]
[Result "1-0"]
[WhiteCountry "POL"]
[BlackCountry "POL"]
[WhiteElo "1891"]
[WhiteRD "77"]
[BlackElo "1409"]
[BlackRD "189"]
[GameID "148958"]

1. e4 e5 2. Nf3 d6 3. Nc3 Nc6 4. Bb5 Bd7 5. d3 Nd4 6. Bxd7+ Qxd7 7. Be3 c5 8. Nd5 Ne7 9. c3 Nxf3+ 10. Qxf3 Ng6
11. g3 Ne7 12. O-O Nxd5 13. exd5 O-O-O 14. d4 b6 15. a4 a5 16. dxc5 bxc5 17. b4 axb4 18. cxb4 cxb4 19. Bb6 Re8 20. Rfc1+ Kb8
21. Bc7+ Kb7 22. Qb3 Ra8 23. Qxb4+
1-0

[Event "Onyx Wiosna 2008"]
[Site "SchemingMind.com"]
[Date "2008.04.03"]
[Round "-"]
[White "bodek77"]
[Black "kubek222"]
[Result "1-0"]
[WhiteCountry "POL"]
[BlackCountry "POL"]
[WhiteElo "1891"]
[WhiteRD "77"]
[BlackElo "1781"]
[BlackRD "119"]
[GameID "148959"]

1. e4 e5 2. Nf3 Qf6 3. Bc4 h6 4. d4 exd4 5. Qxd4 c5 6. Qxf6 gxf6 7. O-O b6 8. e5 f5 9. Re1 Bg7 10. Nc3 Nc6
11. a3 f6 12. exf6+ Kf8 13. fxg7+ Kxg7 14. Nd5 Na5 15. b3 Rb8 16. Bb2+ Kf8 17. Bxh8 Nc6 18. Nc7 Nge7 19. Ne5 Nd4 20. Ng6+ Nxg6
21. Re8#
1-0

[Event "Onyx Wiosna 2008"]
[Site "SchemingMind.com"]
[Date "2008.04.03"]
[Round "-"]
[White "bodek77"]
[Black "borek"]
[Result "1-0"]
[WhiteCountry "POL"]
[BlackCountry "POL"]
[WhiteElo "1891"]
[WhiteRD "77"]
[BlackElo "1176"]
[BlackRD "154"]
[GameID "148960"]

1. e4 e5 2. d4 exd4 3. Qxd4 Nc6 4. Qc4 Qe7 5. Nf3 b6 6. Nc3 Nh6 7. Nd5 Qd6 8. Bf4 Qg6 9. Nxc7+ Kd8 10. Nxa8 Ng4
11. h3 Nf6 12. e5 Nh5 13. O-O-O Bc5 14. Bg5+ f6 15. exf6 gxf6 16. Bd3 Qg7 17. Bf4 Qxg2 18. Rhe1 Qxf3 19. Bc7#
1-0

[Event "Onyx Wiosna 2008"]
[Site "SchemingMind.com"]
[Date "2008.04.06"]
[Round "-"]
[White "smothered mate"]
[Black "bodek77"]
[Result "1-0"]
[WhiteCountry "POL"]
[BlackCountry "POL"]
[WhiteElo "1913"]
[WhiteRD "52"]
[BlackElo "1907"]
[BlackRD "73"]
[GameID "148961"]

1. Nf3 d5 2. d4 Nc6 3. c4 Bg4 4. e3 Nf6 5. Nc3 e6 6. h3 Bxf3 7. Qxf3 Nb4 8. Qd1 c5 9. a3 cxd4 10. exd4 Nc6
11. c5 e5 12. dxe5 Nxe5 13. Bb5+ Nc6 14. Qe2+ Qe7 15. b4 Qxe2+ 16. Nxe2 a6 17. Ba4 b5 18. cxb6 Kd8 19. Bxc6 Rb8 20. Be3
1-0

[Event "Onyx Wiosna 2008"]
[Site "SchemingMind.com"]
[Date "2008.04.03"]
[Round "-"]
[White "luk"]
[Black "bodek77"]
[Result "0-1"]
[WhiteCountry "POL"]
[BlackCountry "POL"]
[WhiteElo "1180"]
[WhiteRD "134"]
[BlackElo "1888"]
[BlackRD "75"]
[GameID "148962"]

1. e4 c5 2. c4 Nc6 3. Nf3 e5 4. Bd3 d6 5. Nc3 Nf6 6. O-O Nb4 7. Qe2 Be7 8. a3 Qa5 9. Nd5 Nbxd5 10. cxd5 O-O
11. Bc4 Bg4 12. d3 Bxf3 13. Qxf3 b5 14. Bb3 Rac8 15. a4 c4 16. Bc2 c3 17. b3 b4 18. Qg3 Kh8 19. Be3 Bd8 20. d4 exd4
21. Bxd4 Qc7 22. e5 dxe5 23. Bxe5 Qb7 24. Rad1 Rg8 25. d6 Qd7 26. f3 Nh5 27. Qh3 Qxh3 28. gxh3 f6 29. d7 Rc5 30. Bd6 Rg5+
31. Kf2 Bb6+ 32. Ke2 Rd8 33. Bxb4 Re5+ 34. Be4 Nf4+ 35. Ke1 Ng2+ 36. Ke2 Ne3 37. Bc6 Nd5+
0-1

[Event "Onyx Wiosna 2008"]
[Site "SchemingMind.com"]
[Date "2008.04.03"]
[Round "-"]
[White "stefan"]
[Black "bodek77"]
[Result "0-1"]
[WhiteCountry "POL"]
[BlackCountry "POL"]
[WhiteElo "1409"]
[WhiteRD "189"]
[BlackElo "1891"]
[BlackRD "77"]
[GameID "148963"]

1. e4 e5 2. Qh5 Nc6 3. Nf3 g6 4. Qh4 Be7 5. Qg3 d6 6. h4 h5 7. Ng5 f6 8. Nh3 g5 9. f3 g4 10. Nc3 Nd4
11. Kd1 f5 12. Nf2 f4 13. Qh2 g3 14. Qg1 gxf2 15. Qxf2 Nf6 16. g3 fxg3 17. Qxg3 Rg8 18. Qf2 d5 19. Rg1 Nxf3 20. Rxg8+ Nxg8
21. Qxf3 Bg4 22. Be2 Bxf3 23. Bxf3 d4 24. Nd5 c6 25. Nxe7 Qxe7 26. d3 O-O-O 27. Bg5 Qf7 28. Ke2 Rd6 29. Rf1 Kc7 30. Bg4 Qxa2
31. Bxh5 Qxb2 32. Kd2 Qc3+ 33. Ke2 Qxc2+ 34. Kf3 Qxd3+ 35. Kg2 Qxe4+ 36. Bf3 Qd3 37. h5 Nh6 38. Re1 Re6 39. Kg3 e4 40. Bf4+ Kb6
0-1

[Event "Onyx Wiosna 2008"]
[Site "SchemingMind.com"]
[Date "2008.04.03"]
[Round "-"]
[White "kubek222"]
[Black "bodek77"]
[Result "1-0"]
[WhiteCountry "POL"]
[BlackCountry "POL"]
[WhiteElo "1781"]
[WhiteRD "119"]
[BlackElo "1891"]
[BlackRD "77"]
[GameID "148964"]

1. e4 e5 2. Bc4 Nf6 3. d3 Bc5 4. Nc3 c6 5. Na4 b5 6. Nxc5 bxc4 7. Bd2 d6 8. Na4 cxd3 9. cxd3 Ba6 10. Qf3 d5
11. Nc5 Qb6 12. Na4 Qb5 13. b3 Nxe4 14. Bc1 Qb4+ 15. Kd1 Bxd3 16. Nb2 Qd4 17. Ne2 Bxe2+ 18. Kxe2 Nc3+ 19. Ke1 e4 20. Qg4 O-O
21. Be3 Qb4 22. Nd3 Nxa2+ 23. Nxb4 Nxb4 24. Rc1 Nd3+ 25. Kd2 Nxc1 26. Kxc1 Na6 27. Bd4 f6 28. Qe6+ Kh8 29. g4 Nb4 30. g5 Nd3+
31. Kd2 c5 32. Ba1 Nxf2 33. Rg1 Rfe8 34. Qf5 e3+ 35. Ke2 d4 36. gxf6 g6 37. Qxc5 d3+ 38. Kf3 Rg8 39. f7+ Rg7 40. f8=Q+
1-0

[Event "Onyx Wiosna 2008"]
[Site "SchemingMind.com"]
[Date "2008.04.03"]
[Round "-"]
[White "borek"]
[Black "bodek77"]
[Result "0-1"]
[WhiteCountry "POL"]
[BlackCountry "POL"]
[WhiteElo "1176"]
[WhiteRD "154"]
[BlackElo "1891"]
[BlackRD "77"]
[GameID "148965"]

1. e4 e5 2. f3 Nf6 3. Nc3 d5 4. d3 d4 5. Na4 b5 6. Nc3 dxc3 7. bxc3 Bc5 8. d4 exd4 9. cxd4 Bxd4 10. Bb2 Bxb2
11. Rb1 Bc3+ 12. Ke2 Nc6 13. Rxb5 Ba6 14. a4 Nd4+ 15. Kf2 Nxb5 16. Bd3 Bd4+ 17. Kf1 Nc3 18. Qd2 Rb8 19. Ne2 Rb1+ 20. Nc1 Qd6
21. g3 Nfxe4 22. Qe1 Bf2 23. Qxe4+ Nxe4 24. fxe4 Rxc1+ 25. Kg2 Rxh1 26. Kxh1 Bxd3 27. cxd3 Qxd3 28. Kg2 Qe3 29. a5 Bg1 30. e5 Qf2+
31. Kh3 Bxh2 32. Kg4 Bxg3 33. Kh5 h6 34. Kg4 Qf3+ 35. Kxf3 Bxe5 36. Ke4 h5 37. Kxe5 h4 38. Kd5 h3 39. Kc6 h2 40. Kxc7 h1=Q
41. Kb8 Kd7+ 42. Kxa7 Ra8+ 43. Kb6 Qc6#
0-1